书目信息 |
| 题名: |
新教师入门指导
|
|
| 作者: | 哈尔·波特纳 著 ;祝莉丽 译 | |
| 分册: | ||
| 出版信息: | 北京 中国人民大学出版社 2018.01 |
|
| 页数: | 99页 | |
| 开本: | 26cm | |
| 丛书名: | 教育新视野 | |
| 单 册: | ||
| 中图分类: | G451.2 | |
| 科图分类: | ||
| 主题词: | 教师 , 学生 | |
| 电子资源: | ||
| ISBN: | 978-7-300-24809-7 | |
| 000 | 00786nam0 2200265 45 | |
| 001 | 2356510902 | |
| 005 | 20230213154618.40 | |
| 010 | @a978-7-300-24809-7@dCNY 38.00 | |
| 100 | @a20230213d2018 km y0chiy0120 ea | |
| 101 | 0 | @achi |
| 102 | @aCN@b110000 | |
| 200 | 1 | @a新教师入门指导@Axin jiao shi ru men zhi dao@f(美) 哈尔·波特纳著;祝莉丽译@F(mei)ha er·bo te na zhu;zhu li li yi |
| 205 | @a3版 | |
| 210 | @a北京@c中国人民大学出版社@d2018.01 | |
| 215 | @a99页@d26cm | |
| 225 | 2 | @a教育新视野 |
| 410 | 0 | @12001 @a教育新视野 |
| 510 | @aMentoring new teachers | |
| 606 | 0 | @a教师 |
| 606 | 0 | @a学生 |
| 690 | @aG451.2@v4 | |
| 701 | 0 | @a哈尔·波特纳@Aha er·bo te na@4著 |
| 702 | 0 | @a祝莉丽@Azhu li li@4译 |
| 801 | 0 | @aCN@b河南城建学院图书馆@c20230213 |
| 905 | @dG451.2@eH001=3 | |
| 新教师入门指导/(美) 哈尔·波特纳著;祝莉丽译.-3版.-北京:中国人民大学出版社,2018.01 |
| 99页;26cm.-(教育新视野) |
| ←并列题名:Mentoring new teachers |
| ISBN 978-7-300-24809-7:CNY 38.00 |
| ● |
| 相关链接 |
|
|
|
正题名:新教师入门指导
索取号:G451.2/H001=3
 
预约/预借
| 序号 | 登录号 | 条形码 | 馆藏地/架位号 | 状态 | 备注 |
| 1 | 1507811 | 215078118 | 材料与化工学院资料室/ [索取号:G451.2/H001=3] | 在馆 | |
| 2 | 1507812 | 215078127 | 材料与化工学院资料室/ [索取号:G451.2/H001=3] | 在馆 |